Loading...
| Auditory Arts | 1 | 10.00 | 100% | 0% | 0% |
| Beliefs | 4 | 12.50 | 100% | 25% | 0% |
| Current Events | 3 | 20.00 | 100% | 33% | 67% |
| Fine Arts - Other Arts | 5 | 16.00 | 100% | 60% | 0% |
| History - American History | 1 | 10.00 | 100% | 0% | 0% |
| History - Ancient History | 3 | 16.67 | 67% | 33% | 67% |
| History - European History | 7 | 10.00 | 86% | 14% | 0% |
| History - Other History | 2 | 20.00 | 100% | 100% | 0% |
| History - World History | 3 | 6.67 | 67% | 0% | 0% |
| Literature - American Literature | 4 | 15.00 | 100% | 50% | 0% |
| Literature - British Literature | 2 | 10.00 | 100% | 0% | 0% |
| Literature - European Literature | 3 | 13.33 | 100% | 33% | 0% |
| Literature - World Literature | 4 | 15.00 | 100% | 50% | 0% |
| Other Academic | 1 | 10.00 | 100% | 0% | 0% |
| Philosophy | 5 | 14.00 | 100% | 40% | 0% |
| Science - Biology | 4 | 12.50 | 100% | 25% | 0% |
| Science - Chemistry | 4 | 10.00 | 75% | 25% | 0% |
| Science - Other Science | 4 | 12.50 | 75% | 50% | 0% |
| Science - Physics | 3 | 16.67 | 100% | 67% | 0% |
| Social Science | 4 | 15.00 | 100% | 50% | 0% |
| Visual Arts | 4 | 20.00 | 100% | 75% | 25% |